000
00187nam a22000977a 4500
082
_a
823
_b
GOO/Z
100
_a
JANE GOODALL
245
_a
ZEBRA FAMILY
650
_a
ENGLISH STORY
942
_c
BK
999
_c
7695
_d
7695